|
|
|
|
| LEADER |
01804nam a2200457Ia 4500 |
| 001 |
EBC169604 |
| 003 |
MiAaPQ |
| 005 |
20200520144314.0 |
| 006 |
m o d | |
| 007 |
cr cn||||||||| |
| 008 |
950825s1996 enka sb 001 0 eng d |
| 010 |
|
|
|z 95024559
|
| 015 |
|
|
|a GB96-40872
|
| 020 |
|
|
|z 0203011414
|
| 020 |
|
|
|z 0415125863 (alk. paper)
|
| 035 |
|
|
|a (MiAaPQ)EBC169604
|
| 035 |
|
|
|a (Au-PeEL)EBL169604
|
| 035 |
|
|
|a (CaPaEBR)ebr10058062
|
| 035 |
|
|
|a (CaONFJC)MIL19915
|
| 035 |
|
|
|a (OCoLC)252716058
|
| 040 |
|
|
|a MiAaPQ
|c MiAaPQ
|d MiAaPQ
|
| 050 |
|
4 |
|a HD5650
|b .D445 1996
|
| 082 |
0 |
4 |
|a 331/.01/12
|2 20
|
| 245 |
0 |
0 |
|a Democracy and efficiency in the economic enterprise
|h [electronic resource] /
|c edited by Ugo Pagano and Robert Rowthorn.
|
| 260 |
|
|
|a London ;
|a New York :
|b Routledge,
|c 1996.
|
| 300 |
|
|
|a xiii, 337 p. :
|b ill.
|
| 490 |
1 |
|
|a Routledge studies in business organization and networks ;
|v 1
|
| 500 |
|
|
|a "A study prepared for the World Institute for Development Economics Research (WIDER) of the United Nations University."
|
| 504 |
|
|
|a Includes bibliographical references and index.
|
| 533 |
|
|
|a Electronic reproduction. Ann Arbor, MI : ProQuest, 2015. Available via World Wide Web. Access may be limited to ProQuest affiliated libraries.
|
| 650 |
|
0 |
|a Management
|x Employee participation.
|
| 650 |
|
0 |
|a Competition.
|
| 650 |
|
0 |
|a Industrial efficiency.
|
| 650 |
|
0 |
|a Democracy.
|
| 655 |
|
4 |
|a Electronic books.
|
| 700 |
1 |
|
|a Pagano, Ugo,
|d 1951-
|
| 700 |
1 |
|
|a Rowthorn, Bob.
|
| 710 |
2 |
|
|a World Institute for Development Economics Research.
|
| 710 |
2 |
|
|a ProQuest (Firm)
|
| 830 |
|
0 |
|a Routledge studies in business organization and networks ;
|v 1.
|
| 856 |
4 |
0 |
|u https://ebookcentral.proquest.com/lib/matrademy/detail.action?docID=169604
|z Click to View
|